ՀՀ Գիտությունների ազգային ակադեմիայի հիմնարար գիտական գրադարան  =   Fundamental Scientific Library of NAS RA

Овощеводство защищенного грунта / (Record no. 292523)

MARC details
000 -LEADER
fixed length control field 00668nam a2200205 u 4500
001 - CONTROL NUMBER
control field 000805083
003 - CONTROL NUMBER IDENTIFIER
control field AM-YeHGA
005 - DATE AND TIME OF LATEST TRANSACTION
control field 20250617144341.0
008 - FIXED-LENGTH DATA ELEMENTS--GENERAL INFORMATION
fixed length control field 110421s1974 ||||||||||||||||||||rus|c
040 ## - CATALOGING SOURCE
Original cataloging agency AM-YeHGA
041 0# - LANGUAGE CODE
Language code of text/sound track or separate title rus
090 ## - LOCALLY ASSIGNED LC-TYPE CALL NUMBER (OCLC); LOCAL CALL NUMBER (RLIN)
-- 294207
245 00 - TITLE STATEMENT
Title Овощеводство защищенного грунта /
Statement of responsibility, etc. Под. ред. С.Ф. Ващенко.
260 ## - PUBLICATION, DISTRIBUTION, ETC.
Place of publication, distribution, etc. Москва :
Name of publisher, distributor, etc. Колос,
Date of publication, distribution, etc. 1974.
300 ## - PHYSICAL DESCRIPTION
Extent 352 с. :
Other physical details ил. ;
Dimensions 21 см.
500 ## - GENERAL NOTE
General note Прил. : с. 332-347
504 ## - BIBLIOGRAPHY, ETC. NOTE
Bibliography, etc. note Лит. : с. 348-349
650 14 - SUBJECT ADDED ENTRY--TOPICAL TERM
Topical term or geographic name entry element Овощеводство
700 1# - ADDED ENTRY--PERSONAL NAME
Personal name Ващенко, Стефанида Федотовна
Relator term ред.
Relationship edt
Holdings
Withdrawn status Lost status Damaged status Not for loan Collection Home library Current library Date acquired Total checkouts Full call number Barcode Date last seen Price effective from Koha item type Public note
        General Fundamental Scientific Library Fundamental Scientific Library 29/12/2016   PII/337019 FL0270785 29/12/2016 29/12/2016 Գրքեր / Books 30 Days Loan


ՀՀ ԳԱԱ հիմնարար գիտական գրադարան
ՀՀ,Երևան 0019
Մարշալ Բաղրամյան 24/6
հեռախոս:(374-10) 52-47-50
Հետադարձ կապ

All site content, except where otherwise noted, is licensed under a
Creative Commons License